Tutte le squadre vincitrici della UCL #3 - Statistics

Statistiche generali
  • Questo quiz è stato fatto 95 volte
  • Il punteggio medio è 18 su 20
Statistiche sulle risposte
Anno Seconda class. Punteggio Vincitrice % Corretto
2005/06 Arsenal 1-2 Barcellona
100%
2008/09 Man. United 0-2 Barcellona
100%
2014/15 Juventus 1-3 Barcellona
100%
1997/98 Juventus 0-1 Real Madrid
100%
1999/00 Valencia 0-3 Real Madrid
100%
2001/02 Bayer Leverkusen 1-2 Real Madrid
100%
2013/14 Atletico Madrid 1-4 (dtr) Real Madrid
100%
2009/10 Bayern Monaco 0-2 Inter
99%
2004/05 Milan 2-3 (dtr) Liverpool
99%
2000/01 Valencia 4-5 (dtr) Bayern Monaco
98%
2012/13 Borussia Dortmund 1-2 Bayern Monaco
98%
2011/12 Bayern Monaco 3-4 (dtr) Chelsea
96%
2002/03 Juventus 2-3 (dtr) Milan
96%
2006/07 Liverpool 1-2 Milan
96%
1998/99 Bayern Monaco 1-2 Man. United
94%
2007/08 Chelsea 5-6 (dtr) Man. United
94%
1995/96 Ajax 2-4 (dtr) Juventus
89%
1996/97 Juventus 1-3 Borussia Dortmund
86%
2003/04 Monaco 0-3 Porto
83%
2010/11 Man. United 1-3 Bercellona
1%
Nessun quiz corrispondente trovato
Distribuzione punteggi
Percentuale di utenti per punteggio
Percentile per numero di risposta
I tuoi punteggi nel tempo
Non hai fatto questo quiz